| 000 | 00399nam a2200157Ia 4500 | ||
|---|---|---|---|
| 008 | 230917s9999||||xx |||||||||||||| ||und|| | ||
| 040 |
_e98641 _aMAIN |
||
| 041 | _aEnglish | ||
| 082 | _a342.54558 C361H | ||
| 100 | _aChander, J | ||
| 245 | 0 | _aHaryana panchayati raj adhiniyam avam niyam | |
| 250 | _a2nd ed. | ||
| 260 |
_aRohtak _bBright law house _c2000 |
||
| 300 | _avii, 167 p. | ||
| 942 | _cBK | ||
| 999 |
_c112713 _d112713 |
||